000 00412nam a2200145Ia 4500
003 LK-CoDNM
008 010623t1907 xxu||||| |||| 00| 1 eng d
040 _aLK-CoDNM
_dLK-CoDNM
_eLK-CoDNM
041 _aeng
080 _a8 P 21
245 _aMadras Government Museum : Anthropology,The Village Deities of Southern India
260 _bGovernment Press
_aMadras
_c1907
300 _b88p,pl,map., 21 cm
942 _cBK
999 _c86429
_d86429